| 000 | 00721nam a22001935i 4500 | ||
|---|---|---|---|
| 001 | 166209 | ||
| 003 | ES-MaACL | ||
| 005 | 20250702063125.0 | ||
| 008 | 050914m18581859gw | |||||||| ||eng d | ||
| 040 |
_aCAM _bspa _cCAM |
||
| 100 | 1 |
_aThackeray, William Makepeace, _d1811-1863 _9109858 |
|
| 245 | 1 | 4 |
_aThe virginians _b: a tale of the last century / _cby W.M. Thackeray. |
| 260 |
_aLeipzig : _bBernhard Tauchnitz, _c1858-1859. |
||
| 300 |
_a4 v. ; _c16 cm. |
||
| 490 | 1 |
_aCollection of british authors ; _v425 ; 441 ; 470 ; 477 |
|
| 830 | 0 |
_aCollection of british authors ; _v425 ; 441 ; 470 ; 477 _9180703 |
|
| 852 |
_aES-MaACL _jG-12863-64 _z-- Enc. hol. _z-- Enc. 4 t. en 2 v. |
||
| 999 |
_c166209 _d166209 |
||